000 00304nam a2200145Ia 4500
100 _aKoop Ed/ Anne Prince
942 _cBK
654 _aComputer
245 _aMurach''''s Visual basic 6
260 _bB.P.B
_c1999
082 _a005.133'VB'
_bkoo
300 _a617
546 _aENGLISH
999 _c21736
_d21736